[Event "Greek Team Championship"]
[Site "chess24.com"]
[Date "2017.07.08"]
[Round "7"]
[White "Basinas, Konstantinos"]
[Black "Kazakos, Markos"]
[Result "0-1"]
[Board "10"]
[WhiteElo "1411"]
[WhiteCountry "GRE"]
[WhiteFideId "25813285"]
[WhiteEloChange "-2"]
[BlackElo "1808"]
[BlackCountry "GRE"]
[BlackFideId "25811363"]
[BlackEloChange "2"]

1. e4 {[%clk 1:30:58]} g6 {[%clk 1:25:17]} 2. d4 {[%clk 1:31:15]} Bg7 {[%clk
1:25:40]} 3. Nf3 {[%clk 1:31:07]} d6 {[%clk 1:26:03]} 4. Nc3 {[%clk 1:30:45]} a6
{[%clk 1:26:23]} 5. a4 {[%clk 1:31:08]} Bg4 {[%clk 1:20:28]} 6. Be2 {[%clk
1:31:26]} Nd7 {[%clk 1:16:52]} 7. O-O {[%clk 1:29:32]} Bxf3 {[%clk 1:15:16]} 8.
Bxf3 {[%clk 1:29:55]} e5 {[%clk 1:15:05]} 9. d5 {[%clk 1:29:00]} Ne7 {[%clk
1:13:55]} 10. Be3 {[%clk 1:28:56]} O-O {[%clk 1:14:01]} 11. g3 {[%clk 1:26:02]}
f5 {[%clk 1:11:54]} 12. Bg2 {[%clk 1:26:09]} Nf6 {[%clk 1:09:20]} 13. Bg5 {[%clk
1:24:14]} h6 {[%clk 1:05:16]} 14. Bxf6 {[%clk 1:24:34]} Bxf6 {[%clk 1:05:40]} 15.
f3 {[%clk 1:19:49]} c6 {[%clk 1:03:55]} 16. Kh1 {[%clk 1:19:35]} Qc7 {[%clk
1:02:03]} 17. Qd3 {[%clk 1:17:00]} Rac8 {[%clk 0:59:23]} 18. dxc6 {[%clk
1:13:15]} bxc6 {[%clk 0:59:22]} 19. Qxa6 {[%clk 1:12:23]} Kg7 {[%clk 0:53:52]}
20. Ne2 {[%clk 1:04:00]} d5 {[%clk 0:46:58]} 21. exd5 {[%clk 1:03:36]} cxd5
{[%clk 0:46:49]} 22. c3 {[%clk 1:03:59]} Ra8 {[%clk 0:42:36]} 23. Qd3 {[%clk
1:02:05]} Rfc8 {[%clk 0:36:48]} 24. Rfb1 {[%clk 1:01:55]} Qc4 {[%clk 0:30:16]}
25. Qxc4 {[%clk 1:02:08]} dxc4 {[%clk 0:30:39]} 26. Kg1 {[%clk 1:01:01]} Ra5
{[%clk 0:29:48]} 27. Ra2 {[%clk 1:00:40]} Rca8 {[%clk 0:30:07]} 28. Rba1 {[%clk
1:01:05]} Nc8 {[%clk 0:30:11]} 29. Bf1 {[%clk 1:00:48]} Nb6 {[%clk 0:30:23]} 30.
Nc1 {[%clk 1:01:05]} Bg5 {[%clk 0:30:01]} 31. h4 {[%clk 1:00:15]} Be3+ {[%clk
0:29:31]} 32. Kg2 {[%clk 1:00:38]} Rxa4 {[%clk 0:28:24]} 33. Rxa4 {[%clk
0:56:15]} Rxa4 {[%clk 0:28:46]} 34. Rxa4 {[%clk 0:56:37]} Nxa4 {[%clk 0:29:11]}
35. Na2 {[%clk 0:56:39]} Nxb2 {[%clk 0:29:33]} 36. Be2 {[%clk 0:56:27]} Bd2
{[%clk 0:28:07]} 37. Kf2 {[%clk 0:56:51]} Nd3+ {[%clk 0:22:05]} 38. Kf1 {[%clk
0:55:50]} Kf6 {[%clk 0:22:11]} 39. Bd1 {[%clk 0:55:49]} Be1 {[%clk 0:22:34]} 40.
Kg2 {[%clk 1:26:03]} f4 {[%clk 0:52:32]} 41. g4 {[%clk 1:26:14]} Bxh4 {[%clk
0:52:48]} 42. Nb4 {[%clk 1:26:32]} Nb2 {[%clk 0:48:39]} 43. Bc2 {[%clk 1:26:52]}
Be1 {[%clk 0:48:34]} 44. Na2 {[%clk 1:27:08]} h5 {[%clk 0:46:31]} 45. gxh5 {[%clk
1:27:21]} gxh5 {[%clk 0:46:47]} 46. Bb1 {[%clk 1:27:19]} Ke6 {[%clk 0:46:04]} 47.
Be4 {[%clk 1:27:37]} Na4 {[%clk 0:45:10]} 48. Bg6 {[%clk 1:27:11]} h4 {[%clk
0:45:20]} 49. Kh3 {[%clk 1:27:38]} Nxc3 {[%clk 0:45:03]} 50. Nxc3 {[%clk
1:28:04]} Bxc3 {[%clk 0:45:30]} 51. Kxh4 {[%clk 1:28:28]} Kd5 {[%clk 0:45:47]}
52. Kg5 {[%clk 1:28:50]} Kd4 {[%clk 0:46:01]} 53. Be4 {[%clk 1:29:15]} Bb2 {[%clk
0:45:36]} 54. Kf5 {[%clk 1:29:30]} Ke3 {[%clk 0:45:53]} 55. Kg4 {[%clk 1:29:49]}
c3 {[%clk 0:46:10]} 56. Kf5 {[%clk 1:30:13]} Kd2 {[%clk 0:46:08]} 0-1

[Event "Greek Team Championship"]
[Site "chess24.com"]
[Date "2017.07.08"]
[Round "7"]
[White "Sadzikowski, Daniel"]
[Black "David, Alberto"]
[Result "1-0"]
[Board "1"]
[WhiteElo "2559"]
[WhiteTitle "IM"]
[WhiteCountry "POL"]
[WhiteFideId "1132253"]
[WhiteEloChange "5"]
[BlackElo "2567"]
[BlackTitle "GM"]
[BlackCountry "ITA"]
[BlackFideId "4000013"]
[BlackEloChange "-5"]

1. e4 {[%clk 1:27:17]} c5 {[%clk 1:30:37]} 2. Nf3 {[%clk 1:27:41]} e6 {[%clk
1:30:49]} 3. d4 {[%clk 1:28:07]} cxd4 {[%clk 1:31:13]} 4. Nxd4 {[%clk 1:28:34]}
Nc6 {[%clk 1:31:16]} 5. Nc3 {[%clk 1:28:58]} Qc7 {[%clk 1:31:01]} 6. Be2 {[%clk
1:29:15]} a6 {[%clk 1:31:03]} 7. O-O {[%clk 1:29:39]} Nf6 {[%clk 1:31:24]} 8. Be3
{[%clk 1:30:04]} Be7 {[%clk 1:31:37]} 9. f4 {[%clk 1:29:07]} d6 {[%clk 1:31:55]}
10. Kh1 {[%clk 1:29:02]} O-O {[%clk 1:31:28]} 11. Qe1 {[%clk 1:27:18]} Nxd4
{[%clk 1:31:22]} 12. Bxd4 {[%clk 1:27:45]} b5 {[%clk 1:31:40]} 13. Qg3 {[%clk
1:27:39]} Bb7 {[%clk 1:31:51]} 14. a3 {[%clk 1:28:02]} Rad8 {[%clk 1:25:25]} 15.
Rae1 {[%clk 1:27:51]} Rd7 {[%clk 1:15:17]} 16. Bd3 {[%clk 1:28:16]} Re8 {[%clk
1:06:47]} 17. a4 {[%clk 1:28:21]} bxa4 {[%clk 0:43:51]} 18. Nxa4 {[%clk 1:27:22]}
g6 {[%clk 0:43:49]} 19. Nc3 {[%clk 1:07:06]} Nh5 {[%clk 0:36:40]} 20. Qh3 {[%clk
1:03:10]} Bf8 {[%clk 0:33:17]} 21. f5 {[%clk 1:00:48]} exf5 {[%clk 0:27:56]} 22.
Rxf5 {[%clk 1:00:29]} Bg7 {[%clk 0:24:12]} 23. Bxg7 {[%clk 0:59:31]} Nxg7 {[%clk
0:23:44]} 24. Rff1 {[%clk 0:54:04]} Rde7 {[%clk 0:23:07]} 25. Bxa6 {[%clk
0:52:07]} Ba8 {[%clk 0:15:54]} 26. Bb5 {[%clk 0:51:13]} Rb8 {[%clk 0:15:45]} 27.
Ba4 {[%clk 0:51:31]} Qc5 {[%clk 0:11:48]} 28. Bb3 {[%clk 0:51:23]} Qe5 {[%clk
0:11:49]} 29. Bd5 {[%clk 0:49:06]} Nh5 {[%clk 0:10:04]} 30. Bxa8 {[%clk 0:48:30]}
Rxa8 {[%clk 0:09:34]} 31. Nd5 {[%clk 0:48:51]} 1-0

[Event "Greek Team Championship"]
[Site "chess24.com"]
[Date "2017.07.08"]
[Round "7"]
[White "Theodorou, Nikolas"]
[Black "Barski, Radoslaw"]
[Result "1-0"]
[Board "2"]
[WhiteElo "2500"]
[WhiteTitle "IM"]
[WhiteCountry "GRE"]
[WhiteFideId "4262875"]
[WhiteEloChange "4"]
[BlackElo "2411"]
[BlackCountry "POL"]
[BlackFideId "1131710"]
[BlackEloChange "-4"]

1. g3 {[%clk 1:23:34]} Nf6 {[%clk 1:30:28]} 2. Bg2 {[%clk 1:23:57]} d5 {[%clk
1:30:41]} 3. Nf3 {[%clk 1:24:21]} e6 {[%clk 1:31:04]} 4. O-O {[%clk 1:24:40]} Be7
{[%clk 1:31:28]} 5. c4 {[%clk 1:23:02]} d4 {[%clk 1:30:24]} 6. e3 {[%clk
1:23:11]} c5 {[%clk 1:30:50]} 7. exd4 {[%clk 1:23:33]} cxd4 {[%clk 1:31:12]} 8.
Re1 {[%clk 1:23:43]} Nc6 {[%clk 1:31:31]} 9. d3 {[%clk 1:24:08]} O-O {[%clk
1:31:50]} 10. Na3 {[%clk 1:24:20]} Ne8 {[%clk 1:26:45]} 11. Nc2 {[%clk 1:24:19]}
f6 {[%clk 1:26:33]} 12. Bd2 {[%clk 1:18:44]} a5 {[%clk 1:21:06]} 13. a3 {[%clk
1:19:08]} e5 {[%clk 1:18:43]} 14. Qe2 {[%clk 1:08:34]} Nc7 {[%clk 1:11:23]} 15.
b4 {[%clk 1:05:44]} axb4 {[%clk 1:07:25]} 16. axb4 {[%clk 1:05:52]} Rxa1 {[%clk
1:07:29]} 17. Rxa1 {[%clk 1:06:18]} b5 {[%clk 1:03:25]} 18. cxb5 {[%clk 1:00:21]}
Nxb5 {[%clk 1:03:29]} 19. Ng5 {[%clk 0:53:57]} Nb8 {[%clk 1:01:58]} 20. Ra8
{[%clk 0:43:53]} Bf5 {[%clk 0:50:54]} 21. g4 {[%clk 0:41:14]} Nc7 {[%clk
0:47:39]} 22. gxf5 {[%clk 0:40:09]} Nxa8 {[%clk 0:47:38]} 23. Ne6 {[%clk
0:39:34]} Qc8 {[%clk 0:47:54]} 24. Nxf8 {[%clk 0:33:54]} Qxc2 {[%clk 0:34:24]}
25. Bd5+ {[%clk 0:33:52]} Kxf8 {[%clk 0:31:57]} 26. Qh5 {[%clk 0:34:17]} g6
{[%clk 0:32:03]} 27. fxg6 {[%clk 0:34:38]} Qxd2 {[%clk 0:31:21]} 28. gxh7 {[%clk
0:35:04]} 1-0

[Event "Greek Team Championship"]
[Site "chess24.com"]
[Date "2017.07.08"]
[Round "7"]
[White "Katzourakis, Pavlos"]
[Black "Naoum, Spyridon"]
[Result "0-1"]
[Board "3"]
[WhiteElo "2104"]
[WhiteCountry "GRE"]
[WhiteFideId "4203798"]
[WhiteEloChange "-6"]
[BlackElo "2267"]
[BlackCountry "GRE"]
[BlackFideId "4227506"]
[BlackEloChange "6"]

1. e4 {[%clk 1:22:46]} c5 {[%clk 1:30:11]} 2. Nf3 {[%clk 1:23:03]} e6 {[%clk
1:30:35]} 3. d4 {[%clk 1:23:20]} cxd4 {[%clk 1:31:03]} 4. Nxd4 {[%clk 1:23:45]}
a6 {[%clk 1:31:29]} 5. Be2 {[%clk 1:22:16]} Qc7 {[%clk 1:31:48]} 6. O-O {[%clk
1:22:35]} Nf6 {[%clk 1:29:59]} 7. Nc3 {[%clk 1:21:52]} Nc6 {[%clk 1:28:26]} 8. a3
{[%clk 1:21:50]} b5 {[%clk 1:25:50]} 9. Be3 {[%clk 1:21:51]} Bb7 {[%clk 1:25:57]}
10. Kh1 {[%clk 1:21:16]} Ne5 {[%clk 1:21:33]} 11. f4 {[%clk 1:19:49]} Nc4 {[%clk
1:21:22]} 12. Bxc4 {[%clk 1:20:05]} Qxc4 {[%clk 1:21:33]} 13. Qf3 {[%clk
1:18:19]} Be7 {[%clk 1:14:25]} 14. Rae1 {[%clk 1:13:28]} d6 {[%clk 1:01:28]} 15.
Bg1 {[%clk 1:09:24]} h5 {[%clk 0:59:50]} 16. Qd1 {[%clk 1:03:11]} Rd8 {[%clk
0:57:00]} 17. f5 {[%clk 0:56:53]} e5 {[%clk 0:56:35]} 18. Nf3 {[%clk 0:57:19]} h4
{[%clk 0:56:47]} 19. h3 {[%clk 0:53:58]} Rc8 {[%clk 0:39:19]} 20. Nd2 {[%clk
0:46:35]} Qc7 {[%clk 0:35:08]} 21. Nb3 {[%clk 0:45:04]} Bc6 {[%clk 0:31:28]} 22.
Re2 {[%clk 0:43:20]} a5 {[%clk 0:28:15]} 23. Nd5 {[%clk 0:42:55]} Bxd5 {[%clk
0:27:23]} 24. exd5 {[%clk 0:43:19]} a4 {[%clk 0:27:44]} 25. Nc1 {[%clk 0:42:40]}
Qc4 {[%clk 0:27:54]} 26. Bh2 {[%clk 0:37:02]} Nxd5 {[%clk 0:26:53]} 27. Nd3
{[%clk 0:36:54]} Nf6 {[%clk 0:22:14]} 28. Nb4 {[%clk 0:35:43]} O-O {[%clk
0:20:01]} 29. Rf3 {[%clk 0:34:47]} Qc5 {[%clk 0:19:27]} 30. Bg1 {[%clk 0:33:32]}
Qc7 {[%clk 0:18:54]} 31. Bf2 {[%clk 0:32:29]} e4 {[%clk 0:10:21]} 32. Rfe3 {[%clk
0:25:41]} Qd7 {[%clk 0:09:23]} 33. Bxh4 {[%clk 0:25:36]} Qxf5 {[%clk 0:09:06]}
34. Bxf6 {[%clk 0:25:25]} Bxf6 {[%clk 0:09:18]} 35. Nd5 {[%clk 0:25:23]} Rfe8
{[%clk 0:08:34]} 36. Nxf6+ {[%clk 0:21:36]} Qxf6 {[%clk 0:09:00]} 37. Rxe4 {[%clk
0:21:58]} Rxe4 {[%clk 0:09:26]} 38. Rxe4 {[%clk 0:22:24]} Qxb2 {[%clk 0:09:46]}
39. Qxd6 {[%clk 0:22:41]} Qxc2 {[%clk 0:09:31]} 40. Qd5 {[%clk 0:50:02]} Qc1+
{[%clk 0:36:41]} 41. Kh2 {[%clk 0:48:20]} Qxa3 {[%clk 0:31:22]} 42. Qxb5 {[%clk
0:45:51]} Qd6+ {[%clk 0:31:42]} 43. Kg1 {[%clk 0:46:17]} a3 {[%clk 0:29:17]} 44.
Re8+ {[%clk 0:40:49]} Rxe8 {[%clk 0:29:42]} 45. Qxe8+ {[%clk 0:41:13]} Qf8 {[%clk
0:30:08]} 46. Qa4 {[%clk 0:41:38]} g6 {[%clk 0:29:59]} 47. Kh1 {[%clk 0:42:02]}
Qc5 {[%clk 0:30:12]} 48. h4 {[%clk 0:37:54]} Qc1+ {[%clk 0:29:41]} 49. Kh2 {[%clk
0:38:19]} Qb2 {[%clk 0:29:56]} 50. h5 {[%clk 0:38:02]} gxh5 {[%clk 0:29:27]} 0-1

[Event "Greek Team Championship"]
[Site "chess24.com"]
[Date "2017.07.08"]
[Round "7"]
[White "Papadopoulos, Argirios"]
[Black "Kalaitzoglou, Panayotis"]
[Result "1-0"]
[Board "4"]
[WhiteElo "2176"]
[WhiteTitle "FM"]
[WhiteCountry "GRE"]
[WhiteFideId "4241509"]
[WhiteEloChange "7"]
[BlackElo "2061"]
[BlackCountry "GRE"]
[BlackFideId "4202422"]
[BlackEloChange "-7"]

1. e4 {[%clk 1:26:13]} e5 {[%clk 1:31:03]} 2. Nf3 {[%clk 1:26:34]} Nc6 {[%clk
1:27:12]} 3. Bb5 {[%clk 1:26:59]} a6 {[%clk 1:31:21]} 4. Ba4 {[%clk 1:27:25]} Nf6
{[%clk 1:31:38]} 5. O-O {[%clk 1:27:49]} b5 {[%clk 1:31:56]} 6. Bb3 {[%clk
1:28:04]} Bb7 {[%clk 1:32:07]} 7. d3 {[%clk 1:24:06]} Bc5 {[%clk 1:31:11]} 8. a3
{[%clk 1:22:18]} h6 {[%clk 1:30:57]} 9. Nc3 {[%clk 1:22:15]} O-O {[%clk 1:29:32]}
10. Be3 {[%clk 1:16:20]} d6 {[%clk 1:27:14]} 11. h3 {[%clk 1:10:42]} Re8 {[%clk
1:22:32]} 12. Nd5 {[%clk 1:02:07]} Nd4 {[%clk 1:14:44]} 13. Bxd4 {[%clk 0:58:35]}
exd4 {[%clk 1:14:07]} 14. Nxf6+ {[%clk 0:50:59]} Qxf6 {[%clk 1:14:24]} 15. Nh2
{[%clk 0:51:17]} d5 {[%clk 1:00:34]} 16. Bxd5 {[%clk 0:48:45]} Bxd5 {[%clk
1:00:06]} 17. exd5 {[%clk 0:49:11]} Rad8 {[%clk 0:57:01]} 18. Re1 {[%clk
0:46:35]} Rxe1+ {[%clk 0:53:03]} 19. Qxe1 {[%clk 0:43:44]} Qf5 {[%clk 0:51:41]}
20. Qe4 {[%clk 0:26:41]} Qxd5 {[%clk 0:51:51]} 21. Qxd5 {[%clk 0:27:07]} Rxd5
{[%clk 0:52:08]} 22. Re1 {[%clk 0:27:29]} Kf8 {[%clk 0:52:10]} 23. Nf3 {[%clk
0:22:52]} Rd7 {[%clk 0:47:18]} 24. g4 {[%clk 0:19:00]} Re7 {[%clk 0:46:24]} 25.
Kg2 {[%clk 0:19:19]} Bb6 {[%clk 0:36:53]} 26. h4 {[%clk 0:17:21]} c5 {[%clk
0:35:26]} 27. Rxe7 {[%clk 0:08:39]} Kxe7 {[%clk 0:35:47]} 28. Nd2 {[%clk
0:08:40]} Ke6 {[%clk 0:33:08]} 29. Kf3 {[%clk 0:06:59]} Kd5 {[%clk 0:33:09]} 30.
Kf4 {[%clk 0:05:56]} Bd8 {[%clk 0:25:43]} 31. Kg3 {[%clk 0:05:35]} c4 {[%clk
0:25:12]} 32. b3 {[%clk 0:00:50]} cxd3 {[%clk 0:17:01]} 33. cxd3 {[%clk 0:01:18]}
a5 {[%clk 0:14:27]} 34. h5 {[%clk 0:00:43]} Be7 {[%clk 0:13:51]} 35. Nb1 {[%clk
0:00:43]} Bd6+ {[%clk 0:07:05]} 36. f4 {[%clk 0:01:30]} g5 {[%clk 0:07:10]} 37.
hxg6 {[%clk 0:01:12]} fxg6 {[%clk 0:07:32]} 38. Kf3 {[%clk 0:01:39]} h5 {[%clk
0:07:43]} 39. f5 {[%clk 0:01:06]} h4 {[%clk 0:06:07]} 40. fxg6 {[%clk 0:30:35]}
Ke6 {[%clk 0:35:36]} 41. a4 {[%clk 0:14:57]} bxa4 {[%clk 0:32:53]} 42. bxa4
{[%clk 0:14:52]} Kf6 {[%clk 0:32:27]} 43. Nd2 {[%clk 0:13:46]} Kxg6 {[%clk
0:32:28]} 44. Ne4 {[%clk 0:12:55]} Be7 {[%clk 0:25:29]} 45. Nf2 {[%clk 0:06:44]}
Bg5 {[%clk 0:23:04]} 46. Ke4 {[%clk 0:03:27]} Be3 {[%clk 0:23:00]} 47. Nh3 {[%clk
0:03:27]} Kf6 {[%clk 0:22:30]} 48. Kd5 {[%clk 0:03:41]} Kg6 {[%clk 0:22:20]} 49.
Ke5 {[%clk 0:03:59]} Kh6 {[%clk 0:18:51]} 50. Kf6 {[%clk 0:02:58]} Kh7 {[%clk
0:18:30]} 51. g5 {[%clk 0:03:04]} Kg8 {[%clk 0:18:44]} 52. Kg6 {[%clk 0:01:43]}
Kf8 {[%clk 0:17:36]} 53. Kh5 {[%clk 0:02:10]} Ke7 {[%clk 0:17:21]} 54. Kg6 {[%clk
0:01:13]} Kd6 {[%clk 0:17:17]} 55. Kf5 {[%clk 0:00:52]} Kc5 {[%clk 0:17:06]} 56.
Nf4 {[%clk 0:00:38]} Kd6 {[%clk 0:11:54]} 57. Kg4 {[%clk 0:00:53]} Bf2 {[%clk
0:11:06]} 58. Ng2 {[%clk 0:00:32]} Be3 {[%clk 0:09:27]} 59. Nxh4 {[%clk 0:00:37]}
Kc5 {[%clk 0:09:44]} 60. g6 {[%clk 0:00:38]} Bh6 {[%clk 0:10:01]} 61. Nf5 {[%clk
0:01:04]} Bf8 {[%clk 0:10:19]} 62. Kg5 {[%clk 0:00:46]} 1-0

[Event "Greek Team Championship"]
[Site "chess24.com"]
[Date "2017.07.08"]
[Round "7"]
[White "Markaki, Sofia"]
[Black "Antova, Gabriela"]
[Result "0-1"]
[Board "5"]
[WhiteElo "1670"]
[WhiteCountry "GRE"]
[WhiteFideId "4248848"]
[WhiteEloChange "-2"]
[BlackElo "2289"]
[BlackTitle "FM"]
[BlackCountry "BUL"]
[BlackFideId "2915235"]
[BlackEloChange "2"]

1. e4 {[%clk 1:27:20]} e5 {[%clk 1:30:48]} 2. Nf3 {[%clk 1:27:43]} Nf6 {[%clk
1:31:10]} 3. Nxe5 {[%clk 1:28:08]} d6 {[%clk 1:31:33]} 4. Nf3 {[%clk 1:28:33]}
Nxe4 {[%clk 1:31:56]} 5. Nc3 {[%clk 1:28:57]} Nxc3 {[%clk 1:32:18]} 6. dxc3
{[%clk 1:29:23]} Be7 {[%clk 1:32:35]} 7. Bf4 {[%clk 1:29:31]} Nc6 {[%clk
1:32:45]} 8. Qd2 {[%clk 1:29:32]} Be6 {[%clk 1:32:59]} 9. O-O-O {[%clk 1:27:22]}
Qd7 {[%clk 1:32:46]} 10. Kb1 {[%clk 1:26:19]} a6 {[%clk 1:32:32]} 11. Bd3 {[%clk
1:21:05]} h6 {[%clk 1:29:06]} 12. h4 {[%clk 1:17:02]} O-O-O {[%clk 1:27:25]} 13.
Be4 {[%clk 1:01:42]} Bf6 {[%clk 1:18:27]} 14. Bg3 {[%clk 0:50:00]} Rhe8 {[%clk
1:14:50]} 15. Rhe1 {[%clk 0:40:07]} Kb8 {[%clk 1:10:11]} 16. Bd5 {[%clk 0:35:06]}
Ne7 {[%clk 0:53:52]} 17. Bxe6 {[%clk 0:33:45]} fxe6 {[%clk 0:54:17]} 18. h5
{[%clk 0:33:52]} Nd5 {[%clk 0:49:38]} 19. Bh4 {[%clk 0:25:16]} Bxh4 {[%clk
0:43:11]} 20. Nxh4 {[%clk 0:25:40]} Nf6 {[%clk 0:42:53]} 21. Qe2 {[%clk 0:24:43]}
e5 {[%clk 0:40:33]} 22. Rg1 {[%clk 0:16:19]} e4 {[%clk 0:38:20]} 23. Ng6 {[%clk
0:05:43]} Qf5 {[%clk 0:31:03]} 24. g4 {[%clk 0:05:33]} Qc5 {[%clk 0:30:57]} 25.
Qd2 {[%clk 0:04:33]} e3 {[%clk 0:23:25]} 26. fxe3 {[%clk 0:04:28]} Rxe3 {[%clk
0:23:49]} 27. a3 {[%clk 0:00:57]} Rde8 {[%clk 0:23:27]} 28. Qd4 {[%clk 0:01:16]}
Qg5 {[%clk 0:20:47]} 29. Qf4 {[%clk 0:00:44]} R8e4 {[%clk 0:20:27]} 30. Qxg5
{[%clk 0:01:05]} hxg5 {[%clk 0:20:53]} 31. Rd4 {[%clk 0:01:21]} Rxd4 {[%clk
0:20:40]} 32. cxd4 {[%clk 0:01:45]} Re4 {[%clk 0:21:03]} 33. c3 {[%clk 0:01:46]}
Rxg4 {[%clk 0:20:19]} 34. Rxg4 {[%clk 0:01:32]} Nxg4 {[%clk 0:20:43]} 35. Kc2
{[%clk 0:01:35]} Nf6 {[%clk 0:20:19]} 36. Kd3 {[%clk 0:01:38]} Kc8 {[%clk
0:13:41]} 37. Ke3 {[%clk 0:01:31]} Kd7 {[%clk 0:10:09]} 38. Kf3 {[%clk 0:01:27]}
Ke6 {[%clk 0:09:52]} 39. c4 {[%clk 0:01:24]} c6 {[%clk 0:09:52]} 40. b3 {[%clk
0:30:56]} Kf7 {[%clk 0:37:47]} 41. Nh8+ {[%clk 0:30:59]} Ke6 {[%clk 0:34:26]} 42.
Ng6 {[%clk 0:31:20]} Nxh5 {[%clk 0:32:14]} 43. Kg4 {[%clk 0:24:36]} Nf6+ {[%clk
0:30:53]} 44. Kxg5 {[%clk 0:23:01]} Ne4+ {[%clk 0:31:16]} 45. Kf4 {[%clk
0:23:18]} Nd2 {[%clk 0:31:15]} 46. Nf8+ {[%clk 0:23:10]} Ke7 {[%clk 0:22:28]} 47.
Ng6+ {[%clk 0:23:30]} Kf6 {[%clk 0:22:49]} 48. Nf8 {[%clk 0:22:47]} Nxb3 {[%clk
0:22:58]} 49. d5 {[%clk 0:22:25]} Ke7 {[%clk 0:15:46]} 50. Ne6 {[%clk 0:19:18]}
Na5 {[%clk 0:15:56]} 51. Nxg7 {[%clk 0:15:01]} Nxc4 {[%clk 0:16:15]} 52. Nf5+
{[%clk 0:15:19]} Kd7 {[%clk 0:16:36]} 53. Ke4 {[%clk 0:15:24]} Nxa3 {[%clk
0:16:57]} 0-1

[Event "Greek Team Championship"]
[Site "chess24.com"]
[Date "2017.07.08"]
[Round "7"]
[White "Vozinaki, Anthi - Maria"]
[Black "Petraki, Evaggelia"]
[Result "1-0"]
[Board "6"]
[WhiteElo "1837"]
[WhiteCountry "GRE"]
[WhiteFideId "4263898"]
[WhiteEloChange "13"]
[BlackElo "1939"]
[BlackCountry "GRE"]
[BlackFideId "4252756"]
[BlackEloChange "-13"]

1. e4 {[%clk 1:26:54]} c5 {[%clk 1:29:33]} 2. Nf3 {[%clk 1:27:17]} e6 {[%clk
1:29:57]} 3. d4 {[%clk 1:27:38]} cxd4 {[%clk 1:30:24]} 4. Nxd4 {[%clk 1:28:01]}
Nc6 {[%clk 1:30:49]} 5. Nc3 {[%clk 1:28:16]} a6 {[%clk 1:31:06]} 6. Be2 {[%clk
1:28:35]} Qc7 {[%clk 1:31:29]} 7. O-O {[%clk 1:28:58]} Nf6 {[%clk 1:31:19]} 8.
Be3 {[%clk 1:28:29]} b5 {[%clk 1:30:16]} 9. Nxc6 {[%clk 1:15:38]} dxc6 {[%clk
1:28:22]} 10. a3 {[%clk 1:11:48]} Bd6 {[%clk 1:21:56]} 11. f4 {[%clk 1:07:07]}
Be7 {[%clk 1:20:19]} 12. Bf3 {[%clk 1:05:09]} Bb7 {[%clk 1:19:23]} 13. Qe1 {[%clk
1:01:35]} h6 {[%clk 1:11:33]} 14. Qg3 {[%clk 0:56:19]} g5 {[%clk 0:59:59]} 15. e5
{[%clk 0:48:35]} Nd5 {[%clk 0:58:30]} 16. Nxd5 {[%clk 0:47:47]} cxd5 {[%clk
0:58:27]} 17. Bh5 {[%clk 0:43:37]} Rh7 {[%clk 0:52:24]} 18. f5 {[%clk 0:30:08]}
Bc8 {[%clk 0:49:20]} 19. fxe6 {[%clk 0:27:13]} Bxe6 {[%clk 0:49:43]} 20. c3
{[%clk 0:23:29]} Bc5 {[%clk 0:37:26]} 21. Kh1 {[%clk 0:21:05]} Qb6 {[%clk
0:35:26]} 22. Bxc5 {[%clk 0:20:58]} Qxc5 {[%clk 0:35:45]} 23. Rf6 {[%clk
0:20:28]} Kf8 {[%clk 0:34:21]} 24. Raf1 {[%clk 0:18:48]} Kg8 {[%clk 0:34:19]} 25.
Bg4 {[%clk 0:16:34]} Re8 {[%clk 0:29:38]} 26. Bf5 {[%clk 0:13:38]} Bxf5 {[%clk
0:27:06]} 27. R1xf5 {[%clk 0:13:57]} a5 {[%clk 0:10:40]} 28. Qf3 {[%clk 0:13:30]}
Re7 {[%clk 0:09:44]} 29. Rd6 {[%clk 0:07:51]} Qxd6 {[%clk 0:03:35]} 30. exd6
{[%clk 0:08:17]} Re1+ {[%clk 0:04:02]} 31. Qf1 {[%clk 0:08:42]} Rxf1+ {[%clk
0:04:31]} 32. Rxf1 {[%clk 0:09:07]} f6 {[%clk 0:03:02]} 33. Rd1 {[%clk 0:02:18]}
Rd7 {[%clk 0:02:52]} 34. Rxd5 {[%clk 0:02:42]} Kf7 {[%clk 0:03:00]} 35. h3 {[%clk
0:02:22]} a4 {[%clk 0:01:24]} 36. Rxb5 {[%clk 0:01:34]} Rxd6 {[%clk 0:01:52]} 37.
Rb4 {[%clk 0:01:36]} Ra6 {[%clk 0:02:08]} 38. Kg1 {[%clk 0:01:29]} Ke6 {[%clk
0:02:32]} 39. Kf2 {[%clk 0:01:50]} Ra5 {[%clk 0:01:55]} 40. Ke3 {[%clk 0:31:59]}
Kd5 {[%clk 0:31:26]} 41. Rb6 {[%clk 0:29:42]} f5 {[%clk 0:30:03]} 42. Kd3 {[%clk
0:27:33]} h5 {[%clk 0:30:20]} 43. Rh6 {[%clk 0:26:57]} Rb5 {[%clk 0:28:43]} 44.
c4+ {[%clk 0:26:50]} 1-0